• 首页
  • 本馆介绍
  • 公告通知
  • 最新文献
  • 馆藏检索
  • 电子资源
  • 读者导购
  • 参考咨询
  • 我的图书馆
  • 登录
  • 详细信息显示
  • 放入我的书架
  • 预约/预借图书
  • 作者相关作品
  • 分类相关作品
  • 丛书相关作品
  • 出版社相关作品

书目信息

  • 表格格式
  • 工作单格式
  • 卡片格式
题名:
国外语言文化推广机构研究
    
 
作者: 曹德明 主编
分册: 上  
出版信息: 北京   时事出版社  2016.08
页数: 397页
开本: 24cm
丛书名:
单 册:
中图分类: G113
科图分类:
主题词: 语言交流--文化机构--国外
电子资源:
ISBN: 978-7-80232-996-6
000 00986nam0 2200253 450
001 0120161993981
005 20180917161248.56
010    @a978-7-80232-996-6@dCNY99.00,CNY198.00(全2册)
100    @a20160826d2016 em y0chiy50 ea
101 0  @achi
102    @aCN@b110000
105    @aak z 000yy
106    @ar
200 1  @a国外语言文化推广机构研究@9guo wai yu yan wen hua tui guang ji gou yan jiu@h上@f曹德明主编
210    @a北京@c时事出版社@d2016.08
215    @a397页@c图@d24cm
300    @a外国文化政策研究基地项目资助 中外文化软实力比较研究中心项目资助 语言文化圈视角下的区域国别研究基地项目资助
330    @a本书主要内容包括:美国文化中心语言推广战略研究、“俄罗斯世界”基金会运行机制研究、英国文化委员会运作机制研究、法语联盟文化推广战略研究等。
333    @a国外语言文化推广机构研究相关人员
606 0  @a语言交流@x文化机构@x国外
690    @aG113@v5
701  0 @a曹德明@9cao de ming@4主编
801  0 @aCN@b人天书店@c20160826
905    @b1093682-85@dG113@e60:1@f4
    
    国外语言文化推广机构研究.上/曹德明主编.-北京:时事出版社,2016.08
    397页:图;24cm
    外国文化政策研究基地项目资助 中外文化软实力比较研究中心项目资助 语言文化圈视角下的区域国别研究基地项目资助.-使用对象:国外语言文化推广机构研究相关人员
    
    ISBN 978-7-80232-996-6:CNY99.00,CNY198.00(全2册)
    本书主要内容包括:美国文化中心语言推广战略研究、“俄罗斯世界”基金会运行机制研究、英国文化委员会运作机制研究、法语联盟文化推广战略研究等。
●
相关链接 在E读中查询图书 在五车中查询图书 在当当中查询图书 在豆瓣中查询图书


正题名:国外语言文化推广机构研究     索取号:G113/60:1         预约/预借

序号 登录号 条形码 馆藏地/架位号 状态 备注
1 1093682   210936825   第一样本阅览室/ [索取号:G113/60:1] 在馆    
2 1093683   210936834   教育系资料室/ [索取号:G113/60:1] 在馆    
3 1093684   210936843   教育系资料室/ [索取号:G113/60:1] 在馆    
4 1093685   210936852   第四借阅区/ [索取号:G113/60:1] 在馆    
唐山师范学院图书馆 欢迎您!
大连网信软件有限公司© 版权所有